[Event "FRA-ch Blitz Online Qual"]
[Site "Europe Echecs INT"]
[Date "2020.05.16"]
[Round "9"]
[White "L`Heritier, Boris"]
[Black "Leonardy, Baptiste"]
[Result "0-1"]
[WhiteElo "1763"]
[BlackElo "1177"]
[PlyCount "70"]
[EventDate "2020.05.16"]
[EventType "swiss (blitz)"]
[EventRounds "15"]
[EventCountry "FRA"]
[SourceTitle "CBM 196 Extra"]
[Source "ChessBase"]
[SourceDate "2020.07.31"]
[SourceVersion "1"]
[SourceVersionDate "2020.07.31"]
[SourceQuality "1"]

1. d4 Nf6 2. Nf3 g6 3. g3 Bg7 4. Bg2 0-0 5. 0-0 d6 6. b3 Nbd7 7. Bb2 e5 8. dxe5 Ng4 9. Qc1 Ngxe5 10. Nbd2 Nxf3+ 11. Nxf3 Bxb2 12. Qxb2 Qf6 13. Qd4 Re8 14. e3 a5 15. Qc4 Nc5 16. Nd4 c6 17. a3 Ne6 18. Nf3 d5 19. Qd3 h5 20. h4 Qe7 21. c4 Nc5 22. Qc2 Bf5 23. Qc3 dxc4 24. b4 axb4 25. axb4 Ne4 26. Qxc4 Rxa1 27. Rxa1 Rd8 28. Ra7 Rd1+ 29. Kh2 Nxf2 30. Ra8+ Kg7 31. Bf1 Ng4+ 32. Kg2 Nxe3+ 33. Kf2 Nxc4 34. Bxc4 Bd3 35. Bb3 Qe2# 0-1

[Event "FRA-ch Blitz Online Qual"]
[Site "Europe Echecs INT"]
[Date "2020.05.16"]
[Round "10"]
[White "Leonardy, Baptiste"]
[Black "Afraoui, Solenn"]
[Result "1-0"]
[WhiteElo "1177"]
[BlackElo "1889"]
[PlyCount "55"]
[EventDate "2020.05.16"]
[EventType "swiss (blitz)"]
[EventRounds "15"]
[EventCountry "FRA"]
[SourceTitle "CBM 196 Extra"]
[Source "ChessBase"]
[SourceDate "2020.07.31"]
[SourceVersion "1"]
[SourceVersionDate "2020.07.31"]
[SourceQuality "1"]

1. e4 c5 2. Nf3 d6 3. d4 cxd4 4. Nxd4 Nf6 5. Nc3 a6 6. Bc4 e6 7. Bb3 b5 8. f3 Bb7 9. Be3 Nbd7 10. Qd2 Nc5 11. 0-0-0 Be7 12. g4 0-0 13. g5 Nfd7 14. h4 Ne5 15. Qg2 b4 16. Na4 Nxa4 17. Bxa4 Qa5 18. Bb3 Rac8 19. Kb1 Nc4 20. Bxc4 Rxc4 21. h5 Rfc8 22. g6 Bf6 23. Qh3 Bxd4 24. Bxd4 e5 25. h6 fxg6 26. Qe6+ Kh8 27. hxg7+ Kxg7 28. Rxh7+ 1-0

[Event "Reunion op 19th"]
[Site "St Denis"]
[Date "2017.10.19"]
[Round "5"]
[White "Houwenaghel, Maxime"]
[Black "Leonardy, Baptiste"]
[Result "0-1"]
[WhiteElo "1080"]
[BlackElo "1116"]
[PlyCount "100"]
[EventDate "2017.10.16"]
[EventType "swiss"]
[EventRounds "7"]
[EventCountry "RUF"]
[SourceTitle "CBM 181 Extra"]
[Source "ChessBase"]
[SourceDate "2017.12.12"]
[SourceVersion "1"]
[SourceVersionDate "2017.12.12"]
[SourceQuality "1"]

1. e4 e6 2. Nc3 c5 3. d3 d5 4. Nf3 Nf6 5. Bg5 h6 6. Bh4 d4 7. Nb5 Qa5+ 8. Nd2 Qxb5 9. b3 Be7 10. Bg3 Nc6 11. Be2 Qa5 12. 0-0 0-0 13. Nb1 Rd8 14. e5 Nd7 15. Bh5 Ndxe5 16. Qe2 Rd5 17. f4 Nd7 18. Bf3 Rd6 19. f5 e5 20. Bg4 Bg5 21. h4 Be3+ 22. Kh2 Nf6 23. Bh3 Bd7 24. h5 Re8 25. a4 b5 26. Na3 Rd5 27. Nxb5 Qd2 28. Qf3 Rc8 29. Bh4 Bg5 30. Rad1 Qf4+ 31. Bg3 Qxf3 32. Rxf3 Nxh5 33. Nd6 Rxd6 34. Bf2 Bf4+ 35. Kh1 Ne7 36. Bg4 Nf6 37. Bh3 Nxf5 38. g4 Ne3 39. Rg1 Nfxg4 40. Bh4 h5 41. Be7 Rg6 42. Rb1 Nf2+ 43. Rxf2 Bxh3 44. Rf3 Bg2+ 45. Kg1 Bxf3+ 46. Kf2 Bg2 47. Kg1 Bh3+ 48. Kf2 Rg2+ 49. Kf3 Rg3+ 50. Ke4 f5# 0-1

[Event "Reunion op 18th"]
[Site "St Denis"]
[Date "2016.10.11"]
[Round "2"]
[White "Carballar, Eric"]
[Black "Leonardy, Baptiste"]
[Result "1-0"]
[WhiteElo "1399"]
[BlackElo "1195"]
[PlyCount "77"]
[EventDate "2016.10.10"]
[EventType "swiss"]
[EventRounds "7"]
[EventCountry "RUF"]
[SourceTitle "CBM 175 Extra"]
[Source "ChessBase"]
[SourceDate "2016.12.12"]
[SourceVersion "1"]
[SourceVersionDate "2016.12.12"]
[SourceQuality "1"]

1. e4 e5 2. Nf3 Nc6 3. b3 Nf6 4. d3 d6 5. Bb2 a6 6. Nbd2 Ng4 7. g3 f6 8. d4 exd4 9. Nxd4 Nxd4 10. Bxd4 Ne5 11. Bg2 c6 12. Nc4 b5 13. Bxe5 fxe5 14. Ne3 Be7 15. 0-0 0-0 16. c4 Bb7 17. Qc2 Qc7 18. cxb5 axb5 19. a4 Ba6 20. a5 b4 21. Nd5 Qd7 22. Nxb4 Bxf1 23. Kxf1 d5 24. exd5 Bxb4 25. dxc6 Qc7 26. Qc4+ Kh8 27. Qxb4 Rfe8 28. a6 Re6 29. Qb7 Qc8 30. Qxc8+ Rxc8 31. Bh3 Rexc6 32. Bxc8 Rxc8 33. a7 Ra8 34. b4 Kg8 35. b5 Kf8 36. b6 Ke7 37. b7 Rf8 38. b8Q Kf6 39. Qxf8+ 1-0

[Event "Reunion op 17th"]
[Site "St Denis"]
[Date "2015.10.10"]
[Round "7"]
[White "Collet, Marine Celine There"]
[Black "Leonardy, Baptiste"]
[Result "0-1"]
[WhiteElo "1450"]
[BlackElo "1140"]
[PlyCount "28"]
[EventDate "2015.10.10"]
[EventType "swiss"]
[EventRounds "9"]
[EventCountry "RUF"]
[SourceTitle "CBM 168 Extra"]
[Source "ChessBase"]
[SourceDate "2015.10.29"]
[SourceVersion "1"]
[SourceVersionDate "2015.10.29"]
[SourceQuality "1"]

1. e4 e5 2. Nf3 Nc6 3. d4 Bd6 4. Bc4 h6 5. dxe5 Nxe5 6. Nxe5 Bxe5 7. Qd5 Qe7 8. b3 Bxa1 9. Ba3 Nf6 10. Qf5 Qxe4+ 11. Qxe4+ Nxe4 12. 0-0 d6 13. Re1 Bf5 14. f3 Bd4+ 0-1